000 00257nam a2200109Ia 4500
008 200302s9999 xx 000 0 und d
100 _aL. Gluck and Partners
245 _aTen Houses
260 _bRockport Publishers Inc.
260 _c1997
300 _a105 P.,
999 _c2089
_d2089